Oxford advanced learner's dictionary of current English
Salvato in:
| Autore principale: | |
|---|---|
| Natura: | Libro |
| Lingua: | inglese |
| Pubblicazione: |
Oxford
Oxford University Press
2014
|
| Edizione: | 8th ed. |
| Soggetti: | |
| Tags: |
Nessun Tag, puoi essere il primo ad aggiungerne!!
|
MARC
| LEADER | 00000nam a2200000 4500 | ||
|---|---|---|---|
| 001 | 0193623 | ||
| 005 | 20230109114728.8 | ||
| 020 | |a 978-0-19-479914-0 | ||
| 041 | 0 | |a eng | |
| 044 | |a GB | ||
| 245 | 1 | 0 | |a Oxford advanced learner's dictionary |b of current English |c A.S. Hornby |
| 250 | |a 8th ed. | ||
| 264 | 1 | |a Oxford |b Oxford University Press |c 2014 | |
| 300 | |a 1732 s. |e 1 CD-ROM | ||
| 610 | 2 | 0 | |a jazykoveda |
| 610 | 2 | 0 | |a terminológia |
| 610 | 2 | 0 | |a angličtina |
| 610 | 2 | 0 | |a pojmy |
| 610 | 2 | 0 | |a gramatika |
| 610 | 2 | 0 | |a poradenstvo |
| 610 | 2 | 0 | |a tezaury |
| 100 | 1 | |a Hornby, A.S. | |